दो मुझे वरदान / (Record no. 112975)
[ view plain ]
| 000 -LEADER | |
|---|---|
| fixed length control field | 01136nam a22002777a 4500 |
| 003 - CONTROL NUMBER IDENTIFIER | |
| control field | dpl |
| 005 - DATE AND TIME OF LATEST TRANSACTION | |
| control field | 20190301161846.0 |
| 008 - FIXED-LENGTH DATA ELEMENTS--GENERAL INFORMATION | |
| fixed length control field | 181003b ||||| |||| 00| 0 eng d |
| 010 ## - LIBRARY OF CONGRESS CONTROL NUMBER | |
| LC control number | A-919609 |
| 020 ## - INTERNATIONAL STANDARD BOOK NUMBER | |
| Terms of availability | 40.00 |
| 035 ## - SYSTEM CONTROL NUMBER | |
| System control number | A-919609, A-919610, A-919617 |
| 037 ## - SOURCE OF ACQUISITION | |
| Source of stock number/acquisition | Cen Lib/Ret |
| 040 ## - CATALOGING SOURCE | |
| Original cataloging agency | DPL |
| Language of cataloging | HN |
| Transcribing agency | 0 |
| 082 ## - DEWEY DECIMAL CLASSIFICATION NUMBER | |
| Classification number | 821 |
| Item number | त्रिवेदी |
| 100 ## - MAIN ENTRY--PERSONAL NAME | |
| Personal name | त्रिवेदी, श्याम मोहन |
| 9 (RLIN) | 50033 |
| 245 ## - TITLE STATEMENT | |
| Title | दो मुझे वरदान / |
| Statement of responsibility, etc | श्याम मोहन त्रिवेदी |
| 246 ## - VARYING FORM OF TITLE | |
| Title proper/short title | Do mujhe vardan / |
| Remainder of title | by Shyam Mohan Trivedi |
| 260 ## - PUBLICATION, DISTRIBUTION, ETC. (IMPRINT) | |
| Place of publication, distribution, etc | नयी दिल्ली |
| Name of publisher, distributor, etc | आर्य बुक डिपो |
| Date of publication, distribution, etc | 1997 |
| 270 ## - ADDRESS | |
| Address | 30, नाईवाला, करोल बाग |
| City | नयी दिल्ली |
| Postal code | 110002 |
| 300 ## - PHYSICAL DESCRIPTION | |
| Extent | 64पृ. |
| Dimensions | 19सेमी(सजिल्द ) |
| 650 ## - SUBJECT ADDED ENTRY--TOPICAL TERM | |
| Topical term or geographic name as entry element | हिंदी साहित्य |
| General subdivision | |
| Geographic subdivision | |
| 9 (RLIN) | 50034 |
| 650 ## - SUBJECT ADDED ENTRY--TOPICAL TERM | |
| Topical term or geographic name as entry element | हिंदी काव्य |
| 9 (RLIN) | 50035 |
| 650 ## - SUBJECT ADDED ENTRY--TOPICAL TERM | |
| Topical term or geographic name as entry element | Hindi literature |
| 9 (RLIN) | 50036 |
| 650 ## - SUBJECT ADDED ENTRY--TOPICAL TERM | |
| Topical term or geographic name as entry element | Hindi poetry |
| 9 (RLIN) | 50037 |
| 942 ## - ADDED ENTRY ELEMENTS (KOHA) | |
| Source of classification or shelving scheme | Dewey Decimal Classification |
| Koha item type | Hindi Books |
| Classification part | 821 |
| Call number suffix | त्रिवेदी |
| Withdrawn status | Lost status | Damaged status | Not for loan | Home library | Current library | Date acquired | Source of acquisition | Cost, normal purchase price | Total Checkouts | Full call number | Barcode | Date last seen | Copy number | Cost, replacement price | Price effective from | Koha item type | Source of classification or shelving scheme | Collection code | Date checked out |
|---|---|---|---|---|---|---|---|---|---|---|---|---|---|---|---|---|---|---|---|
| Central Library | Central Library | 11/08/2015 | Cen Lib/Ret | 40.00 | 821 त्रिवेदी | A-919609 | 11/08/2015 | 1 | 40.00 | 11/08/2015 | Hindi Books | ||||||||
| Patel Nagar | Patel Nagar | 03/10/2018 | BPPD/Pub | 40.00 | 1 | 821 त्रिवेदी | A-919610 | 15/10/2018 | 40.00 | 03/10/2018 | Hindi Books | Dewey Decimal Classification | Non-fiction | 03/10/2018 | |||||
| Shahdara Branch | Shahdara Branch | 01/03/2019 | BPPD/PUB | 40.00 | 821 त्रिवेदी | A-919617 | 01/03/2019 | 40.00 | 01/03/2019 | Hindi Books | Dewey Decimal Classification | Non-fiction |
